000 00788cam a22002533a 4500
001 31888
003 PGUSA
005 20140828083706.0
008 100405s2010||||xxu|||||s|||||000 | eng d
040 _aPGUSA
_beng
042 _adc
050 4 _aHV
100 1 _aWaugh, Benjamin
245 1 0 _aSome Conditions of Child Life in England
_h[electronic resource] /
_cBenjamin Waugh
260 _bProject Gutenberg,
_c2010
506 _aPublic domain in the USA.
516 _aElectronic text
653 _aNational Society for the Prevention of Cruelty to Children
653 _aChild abuse -- Great Britain
653 _aChildren -- Great Britain -- History -- 19th century
830 0 _aProject Gutenberg
_v31888
856 4 0 _uhttp://www.gutenberg.org/ebooks/31888
942 _cEB
999 _c261143
_d261143